000 00383 a2200169 4500
001 191716
020 _a978-85-7153-342-4
040 _cMagnum
100 _aBarreto, Antonio
240 1 0 _aA noite é um circo sem lona
_lpor
245 1 0 _aA noite é um circo sem lona
300 _a56
362 0 _a2014
440 1 _aRHJ
697 _aLITERATURA INFANTO-JUVENIL
942 _cBK
999 _c191716
_d191716